000 01066nam a2200253Ia 4500
003 OSt
005 20221005112302.0
006 a|||||r|||| 00| 0
007 ta
008 221004b |||||||| |||| 00| 0 pan d
020 _a9788178563169 (hbk)
024 _a16236
037 _bGift, 11/02/2015,
_cTextual
040 _aCRL
_cCRL
_bpan
041 _2pan
_apan
082 _aO153,1L53:g, Q1
100 _aਮੰਡ, ਸੁਰਿੰਦਰਪਾਲ ਸਿੰਘ
245 0 _aਕਿੱਸਾਕਾਰ ਹਾFਮ
_b ਸੱਸੀ ਪੁੰਨੂੰ ਸੋਹਣੀ ਮੇਹੀ੍ਵਵਾਲ Fੀਰੀ ਖ਼ਰਹਾਦ ਤੇ ਹੀਰ ਰਾਂਝਾ ਦੇ ਮੂਲ ਪਾਠ ਸਮੇਤ
260 _aਅੰਮ੍ਰਿਤਸਰ
_bਵਾਰਿਸ Fਾਹ ਖ਼ਾਉ੍ਵਡੇFਨ ਭਾਰਤ
_c2011
300 _a272ਪੰ
_ccm.
650 _aਪੰਜਾਬੀ ਸਾਹਿਤ
942 _hO153,1L53:g, Q1
_cTEXL
_2cc
999 _c1024422
_d1024422